| 000 | 00690cam a2200205 4500 | ||
|---|---|---|---|
| 082 |
_a388.324 _bMOT _cD |
||
| 100 |
_aSmith, Wilbur _938718 |
||
| 110 | 2 |
_aWilbur Smith and Associates. _938601 |
|
| 245 | 1 | 0 | _aMotor trucks in the metropolis. |
| 260 |
_aNew Haven, Conn., _c1969. |
||
| 300 |
_axxv, 208 p. _billus. _c25 cm. |
||
| 500 | _aPrepared under commission from the Automobile Manufacturers Association. | ||
| 526 |
_a0 _b0 _c0 _d388_324000000000000_MOT |
||
| 650 | 0 |
_aCity planning _zUnited States. _919405 |
|
| 650 | 0 |
_aMCE _9379 |
|
| 650 | 0 |
_aTrucking _zUnited States. _938719 |
|
| 650 | 0 |
_aTrucks. _921962 |
|
| 650 | 0 |
_aUrban transportation _zUnited States. _921433 |
|
| 942 |
_2ddc _cBK |
||
| 999 |
_c543361 _d543361 |
||